000 01193nam a2200301 u 4500
001 000020323
005 20200929170351.0
008 100813s2015 dr ag r 000 0 spa d
020 _a9789945443622
020 _a9789945582253
040 _aDO-SdBNP
_bspa
_cBNPHU
082 _a786.2092
_bS684m
100 1 _aSolano, Rafael,
_d1931-
_942963
245 1 0 _aMúsica y pensamiento :
_bcrónicas y reflexiones de un músico dominicano /
_cRafael Solano.
260 _aSanto Domingo :
_bBanco Central de la República Dominicana,
_c2015.
300 _a275 p. :
_bil., musica ;
_c23 cm.
490 1 _aBanco Central de la República Dominicana
_v214
490 1 _aArte y literatura
_v74
500 _aIncluye índice onomástico
500 _aIncluye datos biográficos del autor en las solapas
590 _aInventariado, 2018/BT
600 1 4 _aSolano, Rafael,
_d1931-
_xCrítica e interpretación
_942964
650 4 _aMúsica dominicana
_xPartituras
_942965
650 4 _aMúsica para piano
_zRepública Dominicana
_942966
650 4 _aPartituras
_942967
830 0 _aBanco Central de la República Dominicana
_v214
_pArte y literatura; 74
_942968
910 _aValidado. Control de calidad MFF
999 _c19827
_d19827